Statistics for The best Quizmakers on JetPunk

Click here to take the quiz!

General Stats

  • This quiz has been taken 20 times
  • The average score is 3 of 20

Answer Stats

#Quizmaker% Correct
5Stewart
59%
8Gassu
29%
1relessness
29%
4Jerry928
24%
2scambigol
24%
13kalbahamut
18%
9kiwirage
18%
7KoljiVriVoda
18%
17SaturnPL
18%
6Gamer1162
12%
12LBA
12%
3Quizzer6794
12%
10WolfCam
12%
11CBTemple
6%
18Jiaozira
6%
19Kvkq
6%
15ThirdParty
6%
20buck1017
0%
16Geoguy
0%
14skukka
0%

Score Distribution

Percentile by Number Answered

Percent of People with Each Score

Your Score History

You have not taken this quiz